[Event "DVM U20 2019"]
[Site "Braunschweig GER"]
[Date "2019.12.29"]
[Round "5"]
[White "Wiesner, Alexander"]
[Black "Elier, Ali"]
[Result "0-1"]
[Termination "normal"]
[Board "3.4"]
[WhiteElo "1960"]
[BlackElo "2032"]
[WhiteClock "00:05:24"]
[BlackClock "00:35:03"]
[WhiteTeam "Karlsruher SF"]
[BlackTeam "SF Brackel"]
[PlyCount "44"]
[WhiteFideId "12943991"]
[BlackFideId "16217543"]
[EventCountry "GER"]
[EventRounds "7"]
[EventType "team-swiss"]
[EventDate "2019.12.26"]

1. d4 {[%clk 1:30:52]} Nf6 {[%clk 1:29:36]} 2. c4 {[%clk 1:31:17]} e6 {[%clk
1:26:29]} 3. Nc3 {[%clk 1:31:42]} d5 {[%clk 1:26:56]} 4. cxd5 {[%clk 1:32:09]}
exd5 {[%clk 1:27:21]} 5. Bg5 {[%clk 1:32:34]} Be7 {[%clk 1:21:09]} 6. e3 {[%clk
1:32:24]} Bf5 {[%clk 1:13:31]} 7. Bxf6 {[%clk 1:22:22]} Bxf6 {[%clk 1:10:32]}
8. Qb3 {[%clk 1:22:48]} Be6 {[%clk 1:03:46]} 9. Qxb7 {[%clk 1:22:58]} Nd7
{[%clk 1:04:14]} 10. Qb3 {[%clk 0:41:41]} Rb8 {[%clk 1:01:40]} 11. Qc2 {[%clk
0:40:29]} c5 {[%clk 0:58:07]} 12. Nge2 {[%clk 0:38:31]} Qb6 {[%clk 0:51:21]}
13. O-O-O {[%clk 0:31:49]} O-O {[%clk 0:48:37]} 14. dxc5 {[%clk 0:22:13]} Nxc5
{[%clk 0:48:25]} 15. Nd4 {[%clk 0:22:31]} Rfc8 {[%clk 0:47:18]} 16. Rd2 {[%clk
0:14:55]} Ne4 {[%clk 0:41:09]} 17. Rd3 {[%clk 0:15:20]} Nc5 {[%clk 0:39:22]}
18. Rd2 {[%clk 0:15:44]} Bxd4 {[%clk 0:37:46]} 19. Rxd4 {[%clk 0:12:01]} Bf5
{[%clk 0:37:00]} 20. Qxf5 {[%clk 0:09:45]} Qxb2+ {[%clk 0:37:06]} 21. Kd1
{[%clk 0:10:11]} Ne4 {[%clk 0:35:58]} 22. Rxe4 {[%clk 0:05:24]} Rxc3 {[%clk
0:35:03]} 0-1

[Event "DVM U20 2019"]
[Site "Braunschweig GER"]
[Date "2019.12.29"]
[Round "5"]
[White "Grining, Maria"]
[Black "Seref, Erdogan"]
[Result "1-0"]
[Termination "normal"]
[Board "3.6"]
[WhiteElo "1744"]
[BlackElo "2003"]
[WhiteClock "00:30:50"]
[BlackClock "00:15:11"]
[WhiteTeam "Karlsruher SF"]
[BlackTeam "SF Brackel"]
[PlyCount "43"]
[WhiteFideId "16235037"]
[BlackFideId "16206827"]
[EventCountry "GER"]
[EventRounds "7"]
[EventType "team-swiss"]
[EventDate "2019.12.26"]

1. d4 {[%clk 1:30:58]} Nf6 {[%clk 1:30:53]} 2. Nf3 {[%clk 1:31:21]} d5 {[%clk
1:31:07]} 3. e3 {[%clk 1:31:38]} c5 {[%clk 1:31:02]} 4. c4 {[%clk 1:31:53]} Nc6
{[%clk 1:30:04]} 5. Nc3 {[%clk 1:31:32]} Bg4 {[%clk 1:24:42]} 6. cxd5 {[%clk
1:23:00]} Nxd5 {[%clk 1:24:47]} 7. Bc4 {[%clk 1:22:56]} e6 {[%clk 1:16:39]} 8.
O-O {[%clk 1:19:04]} cxd4 {[%clk 1:15:22]} 9. exd4 {[%clk 1:18:36]} Bxf3 {[%clk
1:08:55]} 10. Qxf3 {[%clk 1:17:16]} Nxd4 {[%clk 1:06:49]} 11. Qe4 {[%clk
1:15:54]} Nxc3 {[%clk 1:06:36]} 12. bxc3 {[%clk 1:16:05]} Nc6 {[%clk 1:06:50]}
13. Rb1 {[%clk 1:11:48]} Qc8 {[%clk 1:04:42]} 14. Qg4 {[%clk 1:04:03]} Bd6
{[%clk 0:53:45]} 15. Qxg7 {[%clk 1:00:59]} Be5 {[%clk 0:54:06]} 16. Qg5 {[%clk
0:58:25]} Qc7 {[%clk 0:52:02]} 17. g3 {[%clk 0:43:39]} Bxc3 {[%clk 0:45:04]}
18. Ba3 {[%clk 0:35:30]} Qe5 {[%clk 0:38:40]} 19. Qxe5 {[%clk 0:31:56]} Nxe5
{[%clk 0:36:16]} 20. Bb5+ {[%clk 0:31:54]} Nc6 {[%clk 0:33:25]} 21. Rfc1 {[%clk
0:30:42]} Bd4 {[%clk 0:15:11]} 22. Rxc6 {[%clk 0:30:50]} 1-0

[Event "DVM U20 2019"]
[Site "Braunschweig GER"]
[Date "2019.12.29"]
[Round "5"]
[White "Meiwes, Thore"]
[Black "Weller, Uli"]
[Result "0-1"]
[Termination "normal"]
[Board "4.2"]
[WhiteElo "2106"]
[BlackElo "2070"]
[WhiteClock "00:26:36"]
[BlackClock "00:22:33"]
[WhiteTeam "SK Lehrte"]
[BlackTeam "Schachfreunde Augsburg"]
[PlyCount "50"]
[WhiteFideId "16201256"]
[BlackFideId "12971782"]
[EventCountry "GER"]
[EventRounds "7"]
[EventType "team-swiss"]
[EventDate "2019.12.26"]

1. d4 {[%clk 1:30:58]} Nf6 {[%clk 1:30:20]} 2. Bf4 {[%clk 1:31:19]} e6 {[%clk
1:27:12]} 3. e3 {[%clk 1:31:42]} Be7 {[%clk 1:24:56]} 4. Nd2 {[%clk 1:31:55]}
b6 {[%clk 1:24:32]} 5. h3 {[%clk 1:32:07]} O-O {[%clk 1:23:56]} 6. Ngf3 {[%clk
1:32:32]} d6 {[%clk 1:22:29]} 7. Bd3 {[%clk 1:32:41]} c5 {[%clk 1:21:42]} 8.
O-O {[%clk 1:32:35]} Ba6 {[%clk 1:12:26]} 9. c4 {[%clk 1:31:46]} Nc6 {[%clk
1:10:12]} 10. Qa4 {[%clk 1:15:19]} Bb7 {[%clk 1:09:22]} 11. Bg5 {[%clk
1:12:58]} h6 {[%clk 1:05:20]} 12. Bh4 {[%clk 1:12:48]} cxd4 {[%clk 0:58:32]}
13. exd4 {[%clk 1:12:32]} d5 {[%clk 0:42:11]} 14. Rad1 {[%clk 1:08:11]} dxc4
{[%clk 0:31:05]} 15. Nxc4 {[%clk 1:06:52]} Nh5 {[%clk 0:29:59]} 16. Bxe7 {[%clk
1:06:34]} Nxe7 {[%clk 0:30:16]} 17. Nce5 {[%clk 1:04:25]} Nf4 {[%clk 0:29:22]}
18. Bb1 {[%clk 1:03:20]} f6 {[%clk 0:27:33]} 19. Ng4 {[%clk 0:41:38]} Bxf3
{[%clk 0:26:17]} 20. gxf3 {[%clk 0:41:51]} Qd5 {[%clk 0:26:01]} 21. Ne5 {[%clk
0:34:40]} fxe5 {[%clk 0:22:42]} 22. Be4 {[%clk 0:34:48]} Qd8 {[%clk 0:22:31]}
23. Bxa8 {[%clk 0:30:43]} Ned5 {[%clk 0:22:53]} 24. Bxd5 {[%clk 0:26:22]} Qg5+
{[%clk 0:23:13]} 25. Kh1 {[%clk 0:26:36]} Qg2# {[%clk 0:22:33]} 0-1

[Event "DVM U20 2019"]
[Site "Braunschweig GER"]
[Date "2019.12.29"]
[Round "5"]
[White "McPherson, Elisha"]
[Black "Reimer, Philip"]
[Result "0-1"]
[Termination "normal"]
[Board "4.3"]
[WhiteElo "1975"]
[BlackElo "2065"]
[WhiteClock "00:30:30"]
[BlackClock "00:01:59"]
[WhiteTeam "Schachfreunde Augsburg"]
[BlackTeam "SK Lehrte"]
[PlyCount "75"]
[WhiteFideId "16255852"]
[BlackFideId "16235860"]
[EventCountry "GER"]
[EventRounds "7"]
[EventType "team-swiss"]
[EventDate "2019.12.26"]

1. e4 {[%clk 1:30:59]} c5 {[%clk 1:30:59]} 2. Nc3 {[%clk 1:31:22]} Nc6 {[%clk
1:31:25]} 3. f4 {[%clk 1:31:48]} g6 {[%clk 1:31:52]} 4. Nf3 {[%clk 1:32:15]}
Bg7 {[%clk 1:32:17]} 5. Bb5 {[%clk 1:32:00]} Nd4 {[%clk 1:30:13]} 6. O-O {[%clk
1:32:22]} Nxb5 {[%clk 1:13:10]} 7. Nxb5 {[%clk 1:32:45]} d6 {[%clk 1:11:53]} 8.
Qe1 {[%clk 1:16:45]} a6 {[%clk 1:02:52]} 9. Nc3 {[%clk 1:17:09]} Nf6 {[%clk
0:53:18]} 10. d3 {[%clk 1:15:30]} b5 {[%clk 0:42:53]} 11. e5 {[%clk 1:03:24]}
dxe5 {[%clk 0:42:48]} 12. fxe5 {[%clk 1:03:43]} Nd5 {[%clk 0:42:41]} 13. Ng5
{[%clk 0:43:52]} O-O {[%clk 0:35:43]} 14. e6 {[%clk 0:42:59]} f6 {[%clk
0:36:00]} 15. Nf7 {[%clk 0:43:04]} Rxf7 {[%clk 0:36:25]} 16. exf7+ {[%clk
0:43:28]} Kxf7 {[%clk 0:36:51]} 17. Ne4 {[%clk 0:35:34]} Qb6 {[%clk 0:13:54]}
18. c3 {[%clk 0:21:39]} Qc6 {[%clk 0:07:27]} 19. c4 {[%clk 0:16:33]} bxc4
{[%clk 0:05:29]} 20. dxc4 {[%clk 0:16:12]} Nb4 {[%clk 0:05:36]} 21. Ng5+ {[%clk
0:16:00]} Ke8 {[%clk 0:00:51]} 22. Qc3 {[%clk 0:12:46]} Bb7 {[%clk 0:00:45]}
23. Rf2 {[%clk 0:07:56]} Rd8 {[%clk 0:01:09]} 24. Nf3 {[%clk 0:07:47]} Rd3
{[%clk 0:00:47]} 25. Qe1 {[%clk 0:07:31]} Qd7 {[%clk 0:00:32]} 26. Be3 {[%clk
0:06:21]} Qd6 {[%clk 0:00:34]} 27. a3 {[%clk 0:06:11]} Nc6 {[%clk 0:01:03]} 28.
Rd2 {[%clk 0:05:13]} Rxd2 {[%clk 0:01:16]} 29. Qxd2 {[%clk 0:05:33]} Qxd2
{[%clk 0:00:47]} 30. Nxd2 {[%clk 0:06:01]} Nd4 {[%clk 0:00:58]} 31. Rb1 {[%clk
0:03:54]} e5 {[%clk 0:00:37]} 32. b4 {[%clk 0:03:28]} Bf8 {[%clk 0:00:34]} 33.
bxc5 {[%clk 0:03:05]} Bc6 {[%clk 0:01:03]} 34. Bxd4 {[%clk 0:03:09]} exd4
{[%clk 0:01:21]} 35. Rb8+ {[%clk 0:02:09]} Ke7 {[%clk 0:01:20]} 36. Kf2 {[%clk
0:00:34]} Bh6 {[%clk 0:01:32]} 37. Nf3 {[%clk 0:00:33]} d3 {[%clk 0:01:59]} 38.
Rb1 {[%clk 0:30:30]} 0-1

[Event "DVM U20 2019"]
[Site "Braunschweig GER"]
[Date "2019.12.29"]
[Round "5"]
[White "Dornieden, Jonas"]
[Black "Vuckovic, Robert"]
[Result "1-0"]
[Termination "normal"]
[Board "4.4"]
[WhiteElo "1912"]
[BlackElo "1897"]
[WhiteClock "00:17:31"]
[BlackClock "00:10:09"]
[WhiteTeam "SK Lehrte"]
[BlackTeam "Schachfreunde Augsburg"]
[PlyCount "69"]
[WhiteFideId "1336460"]
[BlackFideId "12998680"]
[EventCountry "GER"]
[EventRounds "7"]
[EventType "team-swiss"]
[EventDate "2019.12.26"]

1. d4 {[%clk 1:30:57]} e6 {[%clk 1:30:54]} 2. c4 {[%clk 1:31:23]} Nf6 {[%clk
1:31:18]} 3. Nf3 {[%clk 1:31:47]} d5 {[%clk 1:31:22]} 4. Nc3 {[%clk 1:32:09]}
Nbd7 {[%clk 1:28:17]} 5. cxd5 {[%clk 1:32:06]} exd5 6. Bg5 {[%clk 1:32:06]} c6
7. e3 {[%clk 1:32:06]} Qa5 8. Nd2 {[%clk 1:32:06]} Ne4 {[%clk 1:05:58]} 9.
Ndxe4 {[%clk 1:16:34]} dxe4 {[%clk 1:06:20]} 10. Bf4 {[%clk 1:16:39]} Nf6
{[%clk 1:00:15]} 11. Bc4 {[%clk 1:06:44]} Nd5 {[%clk 0:46:08]} 12. Bxd5 {[%clk
1:03:29]} cxd5 {[%clk 0:46:31]} 13. O-O {[%clk 1:02:49]} Bd7 {[%clk 0:33:15]}
14. Qh5 {[%clk 1:00:17]} Be6 {[%clk 0:32:37]} 15. Nxe4 {[%clk 0:56:11]} Qb6
{[%clk 0:26:45]} 16. Ng5 {[%clk 0:48:17]} g6 {[%clk 0:26:46]} 17. Qf3 {[%clk
0:46:24]} Bg7 {[%clk 0:25:54]} 18. Nxe6 {[%clk 0:45:18]} fxe6 {[%clk 0:25:42]}
19. Bg3 {[%clk 0:36:36]} Rf8 {[%clk 0:25:20]} 20. Qe2 {[%clk 0:34:19]} Kf7
{[%clk 0:24:28]} 21. Rfc1 {[%clk 0:34:04]} Rac8 {[%clk 0:24:46]} 22. Qd2 {[%clk
0:29:04]} Kg8 {[%clk 0:24:21]} 23. Rc2 {[%clk 0:29:02]} Qa6 {[%clk 0:22:02]}
24. b3 {[%clk 0:26:06]} b6 {[%clk 0:22:10]} 25. Rac1 {[%clk 0:26:12]} Bf6
{[%clk 0:21:05]} 26. h4 Be7 {[%clk 0:18:53]} 27. Rc7 {[%clk 0:22:06]} Ba3
{[%clk 0:13:53]} 28. R1c6 {[%clk 0:20:14]} Rxc7 {[%clk 0:14:04]} 29. Rxc7
{[%clk 0:20:22]} Re8 {[%clk 0:12:09]} 30. Qc2 {[%clk 0:19:30]} Qb5 {[%clk
0:11:38]} 31. h5 {[%clk 0:18:53]} Re7 {[%clk 0:11:22]} 32. hxg6 {[%clk
0:17:12]} h6 {[%clk 0:09:54]} 33. Rxe7 {[%clk 0:16:58]} Bxe7 {[%clk 0:10:22]}
34. Qc8+ {[%clk 0:17:18]} Kg7 {[%clk 0:10:09]} 35. Qxe6 {[%clk 0:17:31]} 1-0

[Event "DVM U20 2019"]
[Site "Braunschweig GER"]
[Date "2019.12.29"]
[Round "5"]
[White "Hamkar, Mehran"]
[Black "Brockmeyer, Tobias"]
[Result "1/2-1/2"]
[Termination "normal"]
[Board "4.5"]
[WhiteElo "1814"]
[BlackElo "1902"]
[WhiteClock "00:16:02"]
[BlackClock "01:10:19"]
[WhiteTeam "Schachfreunde Augsburg"]
[BlackTeam "SK Lehrte"]
[PlyCount "45"]
[WhiteFideId "16216946"]
[BlackFideId "12982385"]
[EventCountry "GER"]
[EventRounds "7"]
[EventType "team-swiss"]
[EventDate "2019.12.26"]

1. e4 {[%clk 1:30:56]} e6 {[%clk 1:30:59]} 2. d4 {[%clk 1:31:21]} d5 {[%clk
1:31:24]} 3. e5 {[%clk 1:31:47]} c5 {[%clk 1:31:50]} 4. c3 {[%clk 1:32:13]} Nc6
{[%clk 1:32:16]} 5. Nf3 {[%clk 1:32:38]} Bd7 {[%clk 1:32:43]} 6. Bd3 {[%clk
1:32:51]} cxd4 {[%clk 1:32:50]} 7. cxd4 {[%clk 1:33:11]} Qb6 {[%clk 1:33:16]}
8. O-O {[%clk 1:33:32]} Nxd4 {[%clk 1:33:41]} 9. Nxd4 {[%clk 1:33:53]} Qxd4
{[%clk 1:34:06]} 10. Nc3 {[%clk 1:34:16]} a6 {[%clk 1:34:32]} 11. Qe2 {[%clk
1:34:32]} Rc8 {[%clk 1:34:56]} 12. Kh1 {[%clk 1:32:48]} Bc5 {[%clk 1:35:12]}
13. f4 {[%clk 1:18:23]} Ne7 {[%clk 1:35:12]} 14. Bd2 O-O 15. Rf3 {[%clk
1:18:23]} f5 {[%clk 1:19:33]} 16. a3 {[%clk 0:39:34]} Bb5 {[%clk 1:13:28]} 17.
Nxb5 {[%clk 0:32:12]} axb5 {[%clk 1:12:28]} 18. Be3 {[%clk 0:30:38]} Qa4 {[%clk
1:12:47]} 19. Bxb5 {[%clk 0:30:08]} Qe4 {[%clk 1:09:06]} 20. Bd3 {[%clk
0:23:33]} Qa4 {[%clk 1:09:24]} 21. Bb5 {[%clk 0:22:45]} Qe4 {[%clk 1:09:52]}
22. Bd3 {[%clk 0:16:02]} Qa4 {[%clk 1:10:19]} 23. Bb5 1/2-1/2

[Event "DVM U20 2019"]
[Site "Braunschweig GER"]
[Date "2019.12.29"]
[Round "5"]
[White "Rauch, Sören"]
[Black "Schimnatkowski, Lukas"]
[Result "1/2-1/2"]
[Termination "normal"]
[Board "5.2"]
[WhiteElo "1901"]
[BlackElo "2157"]
[WhiteClock "00:07:45"]
[BlackClock "00:04:20"]
[WhiteTeam "SG Trier"]
[BlackTeam "SF Katernberg"]
[PlyCount "73"]
[WhiteFideId "12973289"]
[BlackFideId "12936723"]
[EventCountry "GER"]
[EventRounds "7"]
[EventType "team-swiss"]
[EventDate "2019.12.26"]

1. d4 {[%clk 1:30:57]} Nf6 {[%clk 1:30:51]} 2. Nf3 {[%clk 1:31:23]} e6 {[%clk
1:30:52]} 3. Bf4 {[%clk 1:31:44]} b5 {[%clk 1:31:11]} 4. e3 {[%clk 1:31:46]} a6
{[%clk 1:31:36]} 5. Be2 {[%clk 1:30:51]} Bb7 {[%clk 1:31:42]} 6. O-O {[%clk
1:31:01]} c5 7. c4 {[%clk 1:23:37]} bxc4 {[%clk 1:09:05]} 8. Bxc4 {[%clk
1:23:35]} Be7 {[%clk 1:08:46]} 9. Nc3 {[%clk 1:22:10]} cxd4 {[%clk 1:04:05]}
10. exd4 {[%clk 1:18:05]} Bxf3 {[%clk 1:03:06]} 11. Qxf3 {[%clk 1:18:03]} d5
{[%clk 1:03:31]} 12. Bb3 {[%clk 1:12:18]} O-O {[%clk 1:03:07]} 13. Rac1 {[%clk
1:12:14]} Nc6 {[%clk 0:50:22]} 14. Rfd1 {[%clk 1:06:56]} Na5 {[%clk 0:44:59]}
15. Na4 {[%clk 0:58:17]} Nxb3 {[%clk 0:32:20]} 16. Qxb3 {[%clk 0:50:04]} Bd6
{[%clk 0:31:56]} 17. Bxd6 {[%clk 0:49:47]} Qxd6 {[%clk 0:32:20]} 18. Nc5 {[%clk
0:49:43]} Rfb8 {[%clk 0:24:04]} 19. Qc2 {[%clk 0:45:06]} h5 {[%clk 0:24:14]}
20. b3 {[%clk 0:43:07]} Ng4 {[%clk 0:21:23]} 21. g3 {[%clk 0:42:47]} a5 {[%clk
0:21:17]} 22. Qe2 {[%clk 0:38:45]} Rb4 {[%clk 0:17:58]} 23. Rc2 {[%clk
0:29:52]} Nf6 {[%clk 0:16:50]} 24. Kg2 {[%clk 0:24:03]} g6 {[%clk 0:16:01]} 25.
f4 {[%clk 0:21:37]} Rc8 {[%clk 0:11:51]} 26. Qd3 {[%clk 0:18:11]} Ng4 {[%clk
0:11:17]} 27. Rdc1 {[%clk 0:13:35]} Nh6 {[%clk 0:10:12]} 28. a3 {[%clk
0:13:18]} Rbb8 {[%clk 0:08:34]} 29. Qd2 {[%clk 0:13:10]} Nf5 {[%clk 0:08:43]}
30. b4 {[%clk 0:12:42]} axb4 {[%clk 0:08:52]} 31. axb4 {[%clk 0:13:04]} Ra8
{[%clk 0:08:43]} 32. Kf2 {[%clk 0:09:12]} Rcb8 {[%clk 0:08:27]} 33. Rb1 {[%clk
0:08:22]} Ra3 {[%clk 0:08:28]} 34. Rc3 {[%clk 0:08:29]} Rxc3 {[%clk 0:03:57]}
35. Qxc3 {[%clk 0:08:53]} h4 {[%clk 0:04:11]} 36. b5 {[%clk 0:07:20]} hxg3+
{[%clk 0:04:20]} 37. hxg3 {[%clk 0:07:45]} 1/2-1/2

[Event "DVM U20 2019"]
[Site "Braunschweig GER"]
[Date "2019.12.29"]
[Round "5"]
[White "Gorainow, Nikita"]
[Black "Düro, Liam"]
[Result "1-0"]
[Termination "normal"]
[Board "5.3"]
[WhiteElo "1946"]
[BlackElo "1841"]
[WhiteClock "00:06:03"]
[BlackClock "00:14:08"]
[WhiteTeam "SF Katernberg"]
[BlackTeam "SG Trier"]
[PlyCount "52"]
[WhiteFideId "12970093"]
[BlackFideId "16262484"]
[EventCountry "GER"]
[EventRounds "7"]
[EventType "team-swiss"]
[EventDate "2019.12.26"]

1. e4 c6 2. d4 d5 3. Nc3 dxe4 4. Nxe4 Bf5 5. Ng3 Bg6 6. Nh3 h6 7. Nf4 Bh7 8.
Bc4 Nf6 9. O-O g5 10. Nfh5 Nbd7 11. f4 Nxh5 12. Nxh5 e6 {[%clk 0:39:49]} 13. c3
{[%clk 0:16:50]} Bg6 {[%clk 0:29:32]} 14. Ng3 {[%clk 0:14:55]} gxf4 {[%clk
0:27:06]} 15. Bxf4 {[%clk 0:15:16]} Qb6 {[%clk 0:25:53]} 16. Qe2 {[%clk
0:14:12]} O-O-O {[%clk 0:22:26]} 17. b4 {[%clk 0:09:05]} h5 {[%clk 0:20:47]}
18. a4 {[%clk 0:09:12]} e5 {[%clk 0:18:27]} 19. a5 {[%clk 0:08:53]} Qc7 {[%clk
0:18:44]} 20. dxe5 {[%clk 0:09:14]} Bh6 {[%clk 0:16:23]} 21. Bxh6 {[%clk
0:07:23]} Rxh6 {[%clk 0:16:27]} 22. Nf5 {[%clk 0:06:53]} Bxf5 {[%clk 0:15:58]}
23. Rxf5 {[%clk 0:07:19]} f6 {[%clk 0:14:45]} 24. exf6 {[%clk 0:06:59]} Nxf6
{[%clk 0:14:49]} 25. Qe6+ {[%clk 0:06:36]} Qd7 {[%clk 0:14:08]} 26. Rxf6 {[%clk
0:06:03]} Rhh8 1-0

[Event "DVM U20 2019"]
[Site "Braunschweig GER"]
[Date "2019.12.29"]
[Round "5"]
[White "Roos, Elias"]
[Black "Gallas, Noel"]
[Result "0-1"]
[Termination "normal"]
[Board "5.4"]
[WhiteElo "1812"]
[BlackElo "1785"]
[WhiteClock "00:12:56"]
[BlackClock "00:18:33"]
[WhiteTeam "SG Trier"]
[BlackTeam "SF Katernberg"]
[PlyCount "43"]
[WhiteFideId "12953415"]
[BlackFideId "16216059"]
[EventCountry "GER"]
[EventRounds "7"]
[EventType "team-swiss"]
[EventDate "2019.12.26"]

1. d4 {[%clk 1:30:59]} Nf6 {[%clk 1:30:23]} 2. c4 {[%clk 1:31:25]} e6 {[%clk
1:30:48]} 3. Nc3 {[%clk 1:31:52]} Bb4 {[%clk 1:31:11]} 4. Qc2 {[%clk 1:32:21]}
O-O {[%clk 1:31:24]} 5. a3 {[%clk 1:32:47]} Bxc3+ {[%clk 1:31:10]} 6. Qxc3
{[%clk 1:33:15]} b5 {[%clk 1:31:24]} 7. cxb5 {[%clk 1:30:35]} c6 {[%clk
1:31:18]} 8. bxc6 {[%clk 1:23:09]} Nxc6 {[%clk 1:31:14]} 9. Nf3 {[%clk
1:22:19]} Ba6 {[%clk 1:30:22]} 10. g3 {[%clk 1:19:00]} Rc8 {[%clk 1:21:00]} 11.
Bd2 {[%clk 1:01:07]} Ne4 {[%clk 1:11:15]} 12. Qe3 {[%clk 1:00:10]} Nxd2 {[%clk
1:08:29]} 13. Qxd2 {[%clk 0:58:36]} Na5 {[%clk 1:06:34]} 14. Rd1 {[%clk
0:54:24]} Nc4 {[%clk 0:30:58]} 15. Qc3 {[%clk 0:45:41]} Qb6 {[%clk 0:28:56]}
16. b4 {[%clk 0:41:07]} Nd6 {[%clk 0:25:43]} 17. Qe3 {[%clk 0:26:43]} Nb5
{[%clk 0:18:28]} 18. Rd3 {[%clk 0:13:46]} Nxa3 {[%clk 0:18:00]} 19. Rxa3 {[%clk
0:13:03]} Qxb4+ {[%clk 0:18:19]} 20. Kd1 {[%clk 0:12:56]} Qb1+ {[%clk 0:18:33]}
21. Kd2 {[%clk 0:12:56]} Rc2# 22. Ra1 0-1

[Event "DVM U20 2019"]
[Site "Braunschweig GER"]
[Date "2019.12.29"]
[Round "5"]
[White "Döpper, Anna Bérénice"]
[Black "Kirschweng, Luca"]
[Result "1-0"]
[Termination "normal"]
[Board "5.5"]
[WhiteElo "1855"]
[BlackElo "1718"]
[WhiteClock "00:28:56"]
[BlackClock "00:25:35"]
[WhiteTeam "SF Katernberg"]
[BlackTeam "SG Trier"]
[PlyCount "105"]
[WhiteFideId "1271853"]
[BlackFideId "16262514"]
[EventCountry "GER"]
[EventRounds "7"]
[EventType "team-swiss"]
[EventDate "2019.12.26"]

1. e4 {[%clk 1:30:59]} e6 {[%clk 1:30:56]} 2. d4 {[%clk 1:31:26]} d5 {[%clk
1:31:22]} 3. Nc3 {[%clk 1:31:53]} dxe4 {[%clk 1:31:33]} 4. Nxe4 {[%clk
1:32:16]} Nd7 {[%clk 1:31:59]} 5. Nf3 {[%clk 1:32:36]} Be7 {[%clk 1:32:22]} 6.
Bd3 {[%clk 1:32:45]} Ngf6 {[%clk 1:32:41]} 7. Nxf6+ {[%clk 1:33:06]} Bxf6
{[%clk 1:32:30]} 8. Qe2 {[%clk 1:33:05]} O-O {[%clk 1:31:00]} 9. c3 {[%clk
1:29:33]} Re8 {[%clk 1:30:57]} 10. Ne5 {[%clk 1:27:03]} c5 {[%clk 1:22:09]} 11.
Nxd7 {[%clk 1:26:24]} Bxd7 {[%clk 1:22:03]} 12. dxc5 {[%clk 1:26:37]} Qc7
{[%clk 1:21:23]} 13. Be3 {[%clk 1:26:05]} Bc6 {[%clk 1:19:05]} 14. f3 {[%clk
1:22:09]} e5 {[%clk 1:17:13]} 15. Qc2 {[%clk 1:13:18]} h6 {[%clk 1:11:24]} 16.
O-O {[%clk 1:03:53]} Re7 {[%clk 1:04:40]} 17. Bf2 {[%clk 0:56:49]} Rae8 {[%clk
1:03:53]} 18. Rfe1 {[%clk 0:55:52]} a6 {[%clk 1:00:38]} 19. a4 {[%clk 0:49:58]}
Rd8 {[%clk 0:49:44]} 20. Rad1 {[%clk 0:43:02]} Red7 {[%clk 0:40:20]} 21. Bf5
{[%clk 0:38:49]} Rxd1 {[%clk 0:39:25]} 22. Rxd1 {[%clk 0:39:14]} Rxd1+ {[%clk
0:39:50]} 23. Qxd1 {[%clk 0:39:38]} g6 {[%clk 0:40:01]} 24. Bc2 {[%clk
0:39:58]} Be7 {[%clk 0:39:28]} 25. b4 {[%clk 0:38:29]} Kg7 {[%clk 0:37:41]} 26.
Qd2 {[%clk 0:30:01]} h5 {[%clk 0:27:41]} 27. Be3 {[%clk 0:27:35]} Qc8 {[%clk
0:24:03]} 28. c4 {[%clk 0:22:23]} Be8 {[%clk 0:22:29]} 29. Qd5 {[%clk 0:21:45]}
f6 {[%clk 0:21:19]} 30. Be4 {[%clk 0:17:21]} Bc6 {[%clk 0:20:58]} 31. Qd1
{[%clk 0:17:42]} Be8 {[%clk 0:21:06]} 32. Qc2 {[%clk 0:17:32]} Qc7 {[%clk
0:15:10]} 33. Bd5 {[%clk 0:17:38]} Bd7 {[%clk 0:14:00]} 34. Bf2 {[%clk
0:15:08]} Kh7 {[%clk 0:11:22]} 35. Kf1 {[%clk 0:14:17]} Kg7 {[%clk 0:11:29]}
36. Qb3 {[%clk 0:12:20]} Bf8 {[%clk 0:07:30]} 37. Be4 {[%clk 0:10:09]} Be7
{[%clk 0:07:32]} 38. Qc2 {[%clk 0:10:37]} Be8 {[%clk 0:07:49]} 39. Be3 {[%clk
0:11:02]} Qc8 {[%clk 0:06:40]} 40. Qb3 {[%clk 0:05:07]} Qc7 {[%clk 0:04:55]}
41. Bd2 {[%clk 0:03:15]} Qc8 {[%clk 0:03:13]} 42. Qe3 {[%clk 0:02:32]} g5
{[%clk 0:30:25]} 43. Bc2 {[%clk 0:32:12]} Qe6 {[%clk 0:29:03]} 44. Qe4 {[%clk
0:32:23]} Bc6 {[%clk 0:28:26]} 45. Qh7+ {[%clk 0:32:19]} Kf8 {[%clk 0:28:48]}
46. Qh8+ {[%clk 0:29:55]} Qg8 {[%clk 0:26:18]} 47. Qxg8+ {[%clk 0:28:50]} Kxg8
{[%clk 0:26:47]} 48. Be3 {[%clk 0:29:09]} Kf7 {[%clk 0:26:56]} 49. b5 {[%clk
0:29:31]} Be8 {[%clk 0:25:32]} 50. Be4 {[%clk 0:28:45]} axb5 {[%clk 0:25:14]}
51. cxb5 {[%clk 0:28:53]} Ke6 {[%clk 0:25:35]} 52. Bxb7 {[%clk 0:28:56]} Kf7
53. Be4 1-0